| 000 | 00408nam a22001697a 4500 | ||
|---|---|---|---|
| 003 | NUST - PNEC | ||
| 005 | 20170116181038.0 | ||
| 008 | 150921b xxu||||| |||| 00| 0 eng d | ||
| 020 | _a- | ||
| 040 | _cLIBRARY | ||
| 082 | _a621.8 BAL | ||
| 100 |
_911511 _aBallaney, P.L. |
||
| 245 |
_aTheory of machines _cP.L. Ballaney |
||
| 260 | _cc.1996 | ||
| 650 |
_911512 _aTheory of machines _xME |
||
| 942 |
_2ddc _cBK |
||
| 999 |
_c68019 _d68019 |
||